000 00890nam a2200193 i 4500
001 63746
003 ES-MaACL
005 20230906164946.0
007 t|
008 031216q1912 sp ||||1| cat d
100 1 _aFiga y Oliu, Joseph.
_950733
245 1 0 _aSobre glándules de secreció interna
_b: funcións endocrines tiroparatiroidianes ; aplicació actual a la práctica médica /
_cper Joseph Figa y Oliu.
260 _aGirona :
_b[s.n.],
_c1912 (
_fEst. tip. de Dolores Torres)
300 _a54 p. ;
_c25 cm.
500 _aEn la port.: Memoria reglamentaria, llegida en la XV Assamblea del Col.legi de Metges de la Provincia de Girona, celebrada a Perelada el Dia 2 de septembre de 1912.
710 2 _aColegio de Médicos de Gerona.
_92908
711 2 _aAsamblea del Colegio de Médicos de la Provincia de Gerona (
_n15ª.
_d1912.
_cPerelada)
_916
852 _aES-MaACL
_jT-1362-F-4
999 _c63746
_d63746